<?xml version="1.0" encoding="UTF-8"?>
<marc:record xmlns:marc="http://www.loc.gov/MARC21/slim">
   <marc:leader>00000nam a2200000 a 4500</marc:leader>
   <marc:datafield ind1="1" ind2=" " tag="100">
      <marc:subfield code="a">Wischnowski, Volker</marc:subfield>
      <marc:subfield code="4">aut</marc:subfield>
      <marc:subfield code="e">Verfasser/-in</marc:subfield>
   </marc:datafield>
   <marc:datafield ind1=" " ind2=" " tag="653">
      <marc:subfield code="a">Religion/Christliche Religionen</marc:subfield>
   </marc:datafield>
   <marc:datafield ind1="0" ind2="0" tag="245">
      <marc:subfield code="a">Jakobsweg</marc:subfield>
   </marc:datafield>
   <marc:datafield ind1="0" ind2="0" tag="245">
      <marc:subfield code="b">Die Seele atmen lassen</marc:subfield>
   </marc:datafield>
   <marc:datafield ind1="0" ind2="0" tag="245">
      <marc:subfield code="c">Volker Wischnowski</marc:subfield>
   </marc:datafield>
   <marc:datafield ind1=" " ind2="1" tag="264">
      <marc:subfield code="a">Grünwald, Kr München</marc:subfield>
      <marc:subfield code="b">Komplett-Media</marc:subfield>
      <marc:subfield code="c">2008</marc:subfield>
   </marc:datafield>
   <marc:datafield ind1="1" ind2=" " tag="520">
      <marc:subfield code="a">Angaben aus der Verlagsmeldung

Jakobsweg : Die Seele atmen lassen / von Volker Wischnowski

Von Saint-Jean-Pied-de-Port nach Santiago de Compostela, der Camino Francés in traumhaft schönen Aufnahmen.

Informativ und lebendig.

Er ist 1200 Jahre alt und populär wie lange nicht mehr:
Im Zuge der Renaissance des Pilgerns wurde der Jakobsweg in Spanien neuerdings zum beliebtesten Pilgerweg in Europa. Der Hauptweg, der Camino Francés ("französischer Weg"), führt vom beschaulichen französischen Pyrenäenstädtchen Saint-Jean-Pied-de-Port nach Santiago de Compostela. Fast 800 km hat der Pilger auf diesem Weg zurückzulegen. Volker Wischnowski hat den Camino in traumhaft schönen Aufnahmen eingefangen und zeigt einen informativen und lebendigen Film über den Weg heute.
</marc:subfield>
   </marc:datafield>
   <marc:datafield ind1=" " ind2=" " tag="020">
      <marc:subfield code="a">9783831297115</marc:subfield>
      <marc:subfield code="9">9783831297115</marc:subfield>
   </marc:datafield>
   <marc:datafield ind1=" " ind2=" " tag="041">
      <marc:subfield code="a">ger</marc:subfield>
   </marc:datafield>
</marc:record>
